<?xml version="1.0" encoding="UTF-8"?>
<collection xmlns="http://www.loc.gov/MARC21/slim">
<record>
  <controlfield tag="001">162121</controlfield>
  <controlfield tag="005">20251017144621.0</controlfield>
  <datafield tag="024" ind1="7" ind2=" ">
    <subfield code="2">doi</subfield>
    <subfield code="a">10.55407/geogaceta108702</subfield>
  </datafield>
  <datafield tag="024" ind1="8" ind2=" ">
    <subfield code="2">sideral</subfield>
    <subfield code="a">144746</subfield>
  </datafield>
  <datafield tag="037" ind1=" " ind2=" ">
    <subfield code="a">ART-2025-144746</subfield>
  </datafield>
  <datafield tag="041" ind1=" " ind2=" ">
    <subfield code="a">spa</subfield>
  </datafield>
  <datafield tag="100" ind1=" " ind2=" ">
    <subfield code="a">Bentué Lalueza, Lorena</subfield>
  </datafield>
  <datafield tag="245" ind1=" " ind2=" ">
    <subfield code="a">Sobre el origen de la fracturación de dirección NE-SW en la cuenca de Aínsa-Sierras Exteriores Aragonesas (Pirineo Central)</subfield>
  </datafield>
  <datafield tag="260" ind1=" " ind2=" ">
    <subfield code="c">2025</subfield>
  </datafield>
  <datafield tag="506" ind1="0" ind2=" ">
    <subfield code="a">Access copy available to the general public</subfield>
    <subfield code="f">Unrestricted</subfield>
  </datafield>
  <datafield tag="520" ind1="3" ind2=" ">
    <subfield code="a">Se analiza un sistema de fracturas en la transición entre la cuenca de Aínsa y las Sierras Exteriores (Pirineo Central). Se presenta el análisis estructural de la geometría y orientación de las fracturas a lo largo de tres unidades estratigráficas: La Fm. calcárea de Guara, la Fm. Sobrarbe y la Fm. Escanilla. La estructura general se caracteriza por un monoclinal de escala kilométrica infrayacente al cabalgamiento surpirenaico. La cartografía y el análisis de la fracturación permiten definir tres conjuntos principales: el primero presenta una dirección NE-SW, el segundo una dirección NW-SE y el último una dirección N-S. Los indicadores cinemáticos del conjunto N-S indican un claro movimiento dextral, y los rasgos cartográficos muestran que el conjunto NE-SW está constituido por fallas normales de fuerte buzamiento con bloques hundidos hacia el SE. Los principales conjuntos de fracturas (NE-SW y N-S) pueden interpretarse como un sistema de fallas conjugadas inicialmente direccionales en el que el eje σ1 se sitúa alrededor de 020. Posteriormente, estas fallas podrían haberse reactivado como normales debido a la tectónica salina relacionada con la extrusión del Triásico Superior hacia el diapiro de Naval.

A  fracture  system  found  in  the  Aínsa  basin-External  Sierras  (Central  Pyrenees)  area  is  here  analysed.  This  study  performs  a  structural analysis of fracture geometry and orientation along three stratigraphic  units:  The  calcareous  Guara  Fm.,  the  Sobrarbe  Fm.,  and  the  Escanilla  Fm.  The  general  structure  is  characterised  by  a  kilometer-scale  monocline  underlain  by  the  South  Pyrenean  main  thrust.  The  mapping  and  the  analysis  of  fractures  data  allows  to  define three main sets: the first set presents a NE-SW direction, the second one a NW-SE direction and the last one a N-S direction. Ki-nematic indicators of the N-S set indicate a clear dextral movement, and cartographic features show that the NE-SW set is constituted by steeply-dipping normal faults with downthrown blocks to the SE. The main fracture sets (NE-SW and N-S) can be interpreted as an initially conjugate strike-slip system where the σ1 axis is located around 020. Subsequently,  these  faults  could  be  reactivated  as  steeply-dipping  normal faults due to salt tectonics related to extrusion of the Upper Triassic towards the Naval diapir.</subfield>
  </datafield>
  <datafield tag="536" ind1=" " ind2=" ">
    <subfield code="9">info:eu-repo/grantAgreement/ES/DGA/E32-20R</subfield>
    <subfield code="9">info:eu-repo/grantAgreement/ES/MICINN/PID2019-108753GB-C22</subfield>
  </datafield>
  <datafield tag="540" ind1=" " ind2=" ">
    <subfield code="9">info:eu-repo/semantics/openAccess</subfield>
    <subfield code="a">by-nc-sa</subfield>
    <subfield code="u">https://creativecommons.org/licenses/by-nc-sa/4.0/deed.es</subfield>
  </datafield>
  <datafield tag="655" ind1=" " ind2="4">
    <subfield code="a">info:eu-repo/semantics/article</subfield>
    <subfield code="v">info:eu-repo/semantics/publishedVersion</subfield>
  </datafield>
  <datafield tag="700" ind1=" " ind2=" ">
    <subfield code="a">Román-Berdiel, Teresa</subfield>
    <subfield code="u">Universidad de Zaragoza</subfield>
    <subfield code="0">(orcid)0000-0002-9743-8695</subfield>
  </datafield>
  <datafield tag="700" ind1=" " ind2=" ">
    <subfield code="a">Casas Sainz, Antonio</subfield>
    <subfield code="u">Universidad de Zaragoza</subfield>
    <subfield code="0">(orcid)0000-0003-3652-3527</subfield>
  </datafield>
  <datafield tag="710" ind1="2" ind2=" ">
    <subfield code="1">2000</subfield>
    <subfield code="2">428</subfield>
    <subfield code="a">Universidad de Zaragoza</subfield>
    <subfield code="b">Dpto. Ciencias de la Tierra</subfield>
    <subfield code="c">Área Geodinámica Interna</subfield>
  </datafield>
  <datafield tag="773" ind1=" " ind2=" ">
    <subfield code="g">77 (2025), 15-18</subfield>
    <subfield code="p">Geogaceta</subfield>
    <subfield code="t">Geogaceta</subfield>
    <subfield code="x">0213-683X</subfield>
  </datafield>
  <datafield tag="856" ind1="4" ind2=" ">
    <subfield code="s">2589823</subfield>
    <subfield code="u">http://zaguan.unizar.es/record/162121/files/texto_completo.pdf</subfield>
    <subfield code="y">Versión publicada</subfield>
  </datafield>
  <datafield tag="856" ind1="4" ind2=" ">
    <subfield code="s">3125441</subfield>
    <subfield code="u">http://zaguan.unizar.es/record/162121/files/texto_completo.jpg?subformat=icon</subfield>
    <subfield code="x">icon</subfield>
    <subfield code="y">Versión publicada</subfield>
  </datafield>
  <datafield tag="909" ind1="C" ind2="O">
    <subfield code="o">oai:zaguan.unizar.es:162121</subfield>
    <subfield code="p">articulos</subfield>
    <subfield code="p">driver</subfield>
  </datafield>
  <datafield tag="951" ind1=" " ind2=" ">
    <subfield code="a">2025-10-17-14:21:43</subfield>
  </datafield>
  <datafield tag="980" ind1=" " ind2=" ">
    <subfield code="a">ARTICLE</subfield>
  </datafield>
</record>
</collection>